[Event "RUS-chT U20"]
[Site "Kolomna"]
[Date "2014.08.09"]
[Round "8"]
[White "Lipatov, Vladislav"]
[Black "Teimurov, Artur"]
[Result "1/2-1/2"]
[WhiteElo "1919"]
[BlackElo "1944"]
[PlyCount "78"]
[EventDate "2014.08.02"]
[EventType "swiss"]
[EventRounds "9"]
[EventCountry "RUS"]
[SourceTitle "EXT 2016"]
[Source "ChessBase"]
[SourceDate "2015.10.08"]
[SourceVersion "1"]
[SourceVersionDate "2015.10.08"]
[SourceQuality "1"]

1. e4 Nf6 2. Nc3 d5 3. e5 d4 4. exf6 dxc3 5. fxe7 cxd2+ 6. Bxd2 Bxe7 7. Bc3 0-0 8. Qxd8 Rxd8 9. Bd3 Nc6 10. 0-0-0 Be6 11. a3 Bc5 12. f3 Rd7 13. Ne2 Be3+ 14. Bd2 Bxd2+ 15. Rxd2 Rad8 16. Rhd1 Ne5 17. Nf4 g6 18. Be4 c6 19. Rxd7 Rxd7 20. Rxd7 Nxd7 21. Kd2 Kf8 22. Ke3 Ke7 23. Kd4 Kd6 24. c4 a5 25. b3 b6 26. Bc2 c5+ 27. Ke3 f5 28. Ne2 Nf6 29. Nc3 Bd7 30. g3 Ke5 31. f4+ Kd6 32. Bd1 Bc6 33. Bf3 Bxf3 34. Kxf3 Kc6 35. h3 h5 36. Ke3 Kd6 37. Kd3 Kc6 38. Ke3 Kd6 39. Kf3 Kc6 1/2-1/2

[Event "RUS-chT U20"]
[Site "Kolomna"]
[Date "2014.08.02"]
[Round "1"]
[White "Vavulin, Maksim"]
[Black "Teimurov, Artur"]
[Result "1-0"]
[WhiteElo "2393"]
[BlackElo "1944"]
[PlyCount "91"]
[EventDate "2014.08.02"]
[EventType "swiss"]
[EventRounds "9"]
[EventCountry "RUS"]
[SourceTitle "EXT 2016"]
[Source "ChessBase"]
[SourceDate "2015.10.08"]
[SourceVersion "1"]
[SourceVersionDate "2015.10.08"]
[SourceQuality "1"]

1. e4 c5 2. Nf3 Nc6 3. d4 cxd4 4. Nxd4 g6 5. Nc3 Bg7 6. Be3 Nf6 7. Bc4 Qa5 8. 0-0 0-0 9. Bb3 d6 10. h3 Bd7 11. Re1 Rfe8 12. Nf3 Rac8 13. Qe2 b6 14. Rad1 Ne5 15. Nxe5 Qxe5 16. Bd4 Qg5 17. Qf3 Qh5 18. Qd3 Be6 19. Qa6 Bxb3 20. axb3 Qa5 21. Qxa5 bxa5 22. Ra1 Nd7 23. Bxg7 Kxg7 24. Rxa5 Rc7 25. Rea1 Ra8 26. Kf1 Nb6 27. Ke2 Nc8 28. Kd2 f6 29. f4 Kf7 30. g4 e6 31. Nb5 Rb7 32. c4 Ke7 33. Kc2 h6 34. h4 Kf7 35. Ra6 Ke7 36. f5 gxf5 37. gxf5 exf5 38. exf5 d5 39. Re1+ Kf7 40. Ree6 Rb6 41. Raxb6 axb6 42. Nc7 Ra1 43. Nxd5 Rh1 44. Rc6 Rh2+ 45. Kc3 Rh3+ 46. Kb4 1-0

[Event "Urals-ch 72nd"]
[Site "Tiumen"]
[Date "2014.03.28"]
[Round "9"]
[White "Teimurov, Artur"]
[Black "Dilmukhametov, Artur"]
[Result "1/2-1/2"]
[WhiteElo "1893"]
[BlackElo "2151"]
[PlyCount "76"]
[EventDate "2014.03.20"]
[EventType "swiss"]
[EventRounds "9"]
[EventCountry "RUS"]
[SourceTitle "CBM 159 Extra"]
[Source "ChessBase"]
[SourceDate "2014.04.24"]
[SourceVersion "1"]
[SourceVersionDate "2014.04.24"]
[SourceQuality "1"]

1. d4 Nf6 2. Nf3 e6 3. e3 b6 4. Bd3 Bb7 5. Nbd2 Be7 6. 0-0 c5 7. b3 0-0 8. Bb2 cxd4 9. exd4 Nc6 10. a3 Rc8 11. Ne5 d6 12. Ng4 Nd5 13. Qf3 f5 14. Ne3 Na5 15. Nxd5 Bxd5 16. Qh3 Rf6 17. c4 Rh6 18. Qe3 f4 19. Qe2 Ba8 20. b4 Nc6 21. Nf3 Bf8 22. Rfe1 d5 23. c5 Nb8 24. Ne5 Bc6 25. Ng4 Rh4 26. Qxe6+ Kh8 27. Ne5 Be8 28. Bb5 Bh5 29. g3 fxg3 30. hxg3 a6 31. Bd3 Rc6 32. Qf5 Bg6 33. Nxc6 Nxc6 34. Qf3 Bh5 35. Qg2 Nxd4 36. gxh4 Nf3+ 37. Kf1 Nd2+ 38. Kg1 Nf3+ 1/2-1/2

[Event "Urals-ch 72nd"]
[Site "Tiumen"]
[Date "2014.03.22"]
[Round "3"]
[White "Zorin, Alexander"]
[Black "Teimurov, Artur"]
[Result "1/2-1/2"]
[WhiteElo "2166"]
[BlackElo "1893"]
[PlyCount "105"]
[EventDate "2014.03.20"]
[EventType "swiss"]
[EventRounds "9"]
[EventCountry "RUS"]
[SourceTitle "CBM 159 Extra"]
[Source "ChessBase"]
[SourceDate "2014.04.24"]
[SourceVersion "1"]
[SourceVersionDate "2014.04.24"]
[SourceQuality "1"]

1. e4 Nf6 2. Nc3 d5 3. exd5 Nxd5 4. Nxd5 Qxd5 5. Qf3 Qc5 6. Qc3 Qxc3 7. dxc3 Bf5 8. Bd3 Bxd3 9. cxd3 e5 10. Be3 Nc6 11. Ne2 0-0-0 12. 0-0-0 Be7 13. Kc2 f5 14. f3 Bf6 15. Bf2 Rhe8 16. h3 g6 17. g4 e4 18. fxe4 fxe4 19. d4 Ne7 20. Nf4 c6 21. Rde1 Nd5 22. Ng2 Rd7 23. Bg3 Rde7 24. Re2 Kd7 25. Rhe1 Re6 26. a3 b5 27. h4 Bd8 28. Be5 Bc7 29. Rxe4 Nf6 30. Rf4 Bxe5 31. dxe5 Rxe5 32. Rxf6 Rxe1 33. Nxe1 Rxe1 34. Rf7+ Re7 35. Rf8 Kd6 36. Kd3 c5 37. Rb8 Kc6 38. Rh8 Kd5 39. h5 c4+ 40. Kd2 gxh5 41. gxh5 Kc5 42. h6 Kc6 43. Kc2 Re2+ 44. Kb1 Re7 45. Ka2 Kb6 46. Rb8+ Kc6 47. Rc8+ Kb6 48. Rh8 Kc6 49. a4 a6 50. Ka3 Kb6 51. Rb8+ Kc5 52. Rh8 Kb6 53. Rb8+ 1/2-1/2